| 000 | 01154nam a2200205 i 4500 | ||
|---|---|---|---|
| 001 | 43309 | ||
| 003 | ES-MaACL | ||
| 005 | 20240111173642.0 | ||
| 008 | 030317s1933 sp a |||| | spa d | ||
| 245 | 0 | 0 |
_aPrimer centenario de la inaguración del edificio de la Facultad de Farmacia de la Universidad Central, construido y cedido al Estado por los farmacéuticos españoles _b: actos conmemorativos del mismo : trabajos premiados en el Certamen Científico Hispanoamericano y Álbum de farmaceúticos españoles contemporáneos : Madrid 24 de noviembre - 3 de diciembre 1930. |
| 246 | 3 | 4 |
_iTít. de cub _aLibro de oro de la Academia Nacional de Farmacia, Primer Centenario de la Facultad, 1930 |
| 246 | 2 |
_iTít. de anteport. _aActos conmemorativos de la Facultad de Farmacia, MDCCCXXX |
|
| 260 |
_aMadrid : _b[s.n.], _c1933 ( _fHerrera) |
||
| 300 |
_a667 p. : _bil. ; _c28 cm. |
||
| 610 | 2 | 4 |
_aUniversidad Central (Madrid). _bFacultad de Farmacia. _97091 |
| 710 | 2 |
_aAcademia Nacional de Farmacia (España) _9164430 |
|
| 740 | 0 | 2 | _aÁlbum de farmaceúticos españoles contemporáneos. |
| 852 |
_aES-MaACL _jA-2622 |
||
| 999 |
_c43309 _d43309 |
||